Fundamentals of polymers
| Main Author: | |
|---|---|
| Other Authors: | |
| Format: | Book |
| Published: |
US :
McGraw-Hill Companies ,
1998
|
| Subjects: |
MARC
| LEADER | 00000cam a2200000 7i4500 | ||
|---|---|---|---|
| 001 | 0000019954 | ||
| 005 | 20080620.0 | ||
| 008 | 080620 | ||
| 020 | |a 0070252246 | ||
| 090 | 0 | 0 | |a 547.7 |b KUM |
| 100 | 1 | |a Kumar,Anil | |
| 245 | 1 | 0 | |a Fundamentals of polymers |c Anil Kumar,Rakesh K.Gupta |
| 260 | |a US : |b McGraw-Hill Companies , |c 1998 | ||
| 650 | 0 | |a Polymers | |
| 700 | 1 | |a Gupta,Rakesh K | |
| 999 | |a 0001024701 |b Book |c REFERENCE |e Perbadanan Perpustakaan Awam Johor | ||